000
00324cam a2200133 4500
008
010921n2001 000 0 eng u
020
_a
1858112672
035
_a
(Sirsi) u114700
110
_a
2 Mitre Court Buildings
245
_a
Highway law : a practical guide
260
_b
Emis
_c
2001
350
_a
28.00
942
_n
0
999
_c
101636
_d
101636